| 000 | 00959cam a22002654a 4500 | ||
|---|---|---|---|
| 020 | _a0415370825 (hbk. : alk. paper) | ||
| 020 | _a0415370833 (pbk. : alk. paper) | ||
| 020 | _a9780415370820 (hbk. : alk. paper) | ||
| 020 | _a9780415370837 (pbk. : alk. paper) | ||
| 082 | 0 | 0 |
_a690.21 _bDOU |
| 100 | 1 |
_aDouglas, James _945267 |
|
| 245 | 1 | 0 |
_aUnderstanding building failures / _cJames Douglas and Bill Ransom. |
| 250 | _a3rd ed. | ||
| 260 |
_aLondon ; _aNew York : _bTaylor & Francis, _c2007. |
||
| 300 |
_axviii, 326 p. : _bill. ; _c24 cm. |
||
| 526 |
_a0 _b0 _c0 _d690_210000000000000_DOU |
||
| 650 | 0 | _aBuilding failures. | |
| 650 | 0 |
_aBuildings _xDefects. _945268 |
|
| 650 | 0 |
_aBuildings _xRepair and reconstruction. _933962 |
|
| 650 | 0 |
_aMCE _9379 |
|
| 700 | 1 |
_aRansom, W. H. _945269 |
|
| 856 | 4 | 1 | _uhttp://www.loc.gov/catdir/toc/ecip0611/2006010403.html |
| 856 | 4 | 2 | _uhttp://www.loc.gov/catdir/enhancements/fy0654/2006010403-d.html |
| 942 |
_2ddc _cBK |
||
| 999 |
_c548833 _d548833 |
||